000 02059nam a2200241 a 4500
999 _c1568
_d1568
003 AR-BaISA
005 20240220162336.0
006 aado|fr|||| 000 0
007 ta
008 240220s1980 ag ado|f |||| 000 0 spa d
040 _bspa
_cAR-BaISA
082 0 4 _222
_a155.4 Ab375
245 0 0 _aPsicosis infatiles:
_by otros cuadros graves de la infancia. Aportes de investigación, clínica, terapéutica y psicopedagogica /
_cA. Aberastury, A. J. Campo, E. Dallal y Castillo, S. J. Suomi y otros
260 _aBuenos Aires:
_bPaidós,
_c1980
300 _a164 p.:
_bil., graf., fotos.
490 _aPsiquiatría, psicopatología y psicosomática
504 _aBibliografía al final de cada capítulo
505 _tINVESTIGACIÓN:
_tS. J. Suomi / Modelo de depresión de los monos --
_tS. J. Suomi / El comportamiento de los primates --
_tCLÍNICA Y TERAPÉUTICA:
_tJ. V. Maffei / El concepto de psicosis infantiles --
_tA. J. Campo, G. Echaire, M. Lebrero, J. Parral y A. García / Consideraciones sobre los episodios de la infancia (con especial referencia a la "folie à deux") --
_tE. Dallal y Castillo y R. S. de Bodek / El manejo clínico de las psicosis infantiles --
_tF. Imaz, C. Rivero y M. Médico / Psicosis en un paciente con enfermedad de Bournevielle --
_tA. Benassi y O. Piñeiro / El discurso gráfico y su correlato verbal en un caso de psicosis simbiótica --
_tS. J. Deligdisch / Equilibrio psicopático en el curso del tratamiento psicoanalítico de psicosis infantil --
_tA. Aberastury y A. Hagelin / Ansiedades pre y pos operatorias de un niño de 8 años --
_tS. Andrade, B. Janín y M. C. Parral / Somatizaciones múltiples en niños --
_tPSICOPEDAGOGÍA:
_tB. B. Benitez de Nale, R. Palenque de Seineldin y A. García Fernández de Basedovsky --
_tB. E. E. de Tarnopolsky / Aportación de la psicopedagogía al diagnóstico de la psicosis y de los cuadros fronterizos
650 1 4 _91932
_aPsicología infantil
650 1 4 _9504
_aTrastornos mentales
_vniños
700 _92978
_aAberastury, Arminda
_eaut.
942 _2ddc
_cLI
_e22